000 00388nam a22001697a 4500
005 20160629111230.0
008 160629b xxu||||| |||| 00| 0 eng d
020 _a978-81-203-170-3
041 _aeng
082 _b10984
100 _aKaul, Asha
_9282
245 _aEffective Business Communication
260 _bPHI
_c2008
300 _a168
650 _aManagement
_9241
942 _cBK
999 _c4591
_d4589